Your turn next. student's book plus activities 1
Gespeichert in:
| 1. Verfasser: | |
|---|---|
| Format: | CD Buch |
| Sprache: | Englisch |
| Erschienen: |
Buenos Aires :
2008.
|
| Ausgabe: | 1ª ed. |
| Katalog: | BNM: Suchergebnis im Bibliothekskatalog |
| Schulbuchspezifische Eigenschaften: |
|
| Schlagworte: | |
| Tags: |
Tag hinzufügen
Keine Tags, Fügen Sie den ersten Tag hinzu!
|
| Hinzugefügt zu: | 24.08.2008 |
| Geändert in: | 19.02.2022 |
MARC
| LEADER | 00000cam a22000004a 4500 | ||
|---|---|---|---|
| 003 | AR-BaBNM | ||
| 005 | 20220219171812.0 | ||
| 007 | ta | ||
| 007 | sd ||||||||||| | ||
| 008 | 080825s2008 ag ||||| |||||||||||eng|d | ||
| 020 | |a 978-950-46-1897-3 | ||
| 035 | |a 000079378 | ||
| 040 | |a AR-BaBNM |b spa | ||
| 080 | |a 802(0.062) | ||
| 100 | 1 | |a Downie, Michael | |
| 245 | 1 | 0 | |a Your turn next. |n 1 |h [conjunto] : |b student's book plus activities / |c Michael Downie. |
| 250 | |a 1ª ed. | ||
| 260 | |a Buenos Aires : |b Santillana, |c 2008. | ||
| 300 | |a 120 p. : |b il. + |e 1 CD + 1 cuadernillo | ||
| 500 | |a El cuadernillo es un anexo de Grammar practice | ||
| 650 | 4 | |a Enseñanza de idiomas |9 7738 |a Inglés |9 8580 |a Actividades de aprendizaje |9 6429 | |
| 655 | 4 | |a Libros de texto | |
| 942 | |2 udc |c KIT | ||
| 999 | |c 7791 |d 7791 | ||
| 999 | |c KOHA-OAI-TEST:7791 |d 7791 | ||